Quest for participatory democracy: towards understanding the approach of Gandhi and Jayaprakah Narayan (Record no. 442592)

000 -LEADER
fixed length control field 00609cam a22001697a 4500
008 - FIXED-LENGTH DATA ELEMENTS--GENERAL INFORMATION
fixed length control field 180718b2010 xxu||||| |||| 00| 0 eng d
020 ## - INTERNATIONAL STANDARD BOOK NUMBER
International Standard Book Number 813160330X
082 ## - DEWEY DECIMAL CLASSIFICATION NUMBER
Classification number B253x54 An14
245 ## - TITLE STATEMENT
Title Quest for participatory democracy: towards understanding the approach of Gandhi and Jayaprakah Narayan
Statement of responsibility, etc. edited by Anand Kumar and Manish Tiwari
260 ## - PUBLICATION, DISTRIBUTION, ETC.
Place of publication, distribution, etc. Jaipur
Name of publisher, distributor, etc. Rawat
Date of publication, distribution, etc. 2010
300 ## - PHYSICAL DESCRIPTION
Extent 425p.
650 ## - SUBJECT ADDED ENTRY--TOPICAL TERM
Topical term or geographic name entry element Gandhi, Mohan Das Karamchand -Criticism and interpretation
650 ## - SUBJECT ADDED ENTRY--TOPICAL TERM
Topical term or geographic name entry element Narain, Jai Prakash -Criticism and interpretation
650 ## - SUBJECT ADDED ENTRY--TOPICAL TERM
Topical term or geographic name entry element Democracy
700 ## - ADDED ENTRY--PERSONAL NAME
Personal name Tiwari, Manish
700 ## - ADDED ENTRY--PERSONAL NAME
Personal name Anand Kumar
Holdings
Withdrawn status Lost status Damaged status Not for loan Permanent Location Current Location Date acquired Full call number Barcode Date last seen Price effective from Koha item type
        Indian Institute of Public Administration Indian Institute of Public Administration 2012-07-12 B253x54 An14 84680 2018-07-21 2018-07-21 Book

Powered by Koha